| 000 | 00833nam a2200241Ia 4500 | ||
|---|---|---|---|
| 003 | OSt | ||
| 005 | 20240904144842.0 | ||
| 008 | 220927b |||||||| |||| 00| 0 eng d | ||
| 020 |
_c149663.54999999999 _a9780123786302 |
||
| 037 |
_b5812, 19/09/2013, Shankar's Book Agency Pvt.Ltd. _cTextual |
||
| 040 |
_aSDCL _cSDCL _beng |
||
| 041 |
_2eng _aeng |
||
| 082 | _aG:33:(E)k Q3.3 RR | ||
| 100 |
_aLennarz, William J. _9391977 |
||
| 245 | 0 | _aEncyclopedia of biological chemistry. | |
| 260 |
_aAmsterdam : _bAcademic Press, _c2013. |
||
| 300 | _axviii;729p. | ||
| 490 | _vVolume 3: M-Q | ||
| 650 | _aReference | ||
| 700 |
_a Lane M.Daniel _9391978 |
||
| 942 |
_hG:33:(E)k Q3.3 RR _cREF _2CC |
||
| 999 |
_c707815 _d707815 |
||